Un hotel en el desierto: Hotel las Dunas Ica-Perú (Registro nro. 3632)
[ vista simple ]
| 000 -LEADER | |
|---|---|
| fixed length control field | 00601nam a2200193Ia 4500 |
| 003 - CONTROL NUMBER IDENTIFIER | |
| control field | OSt |
| 005 - DATE AND TIME OF LATEST TRANSACTION | |
| control field | 20251020182620.0 |
| 008 - FIXED-LENGTH DATA ELEMENTS--GENERAL INFORMATION | |
| fixed length control field | 200531s9999 xx 000 0 und d |
| 040 ## - CATALOGING SOURCE | |
| Original cataloging agency | CIDAP |
| Transcribing agency | 040 |
| 110 ## - MAIN ENTRY--CORPORATE NAME | |
| Corporate name or jurisdiction name as entry element | Urbanismo y Planificación |
| 245 #0 - TITLE STATEMENT | |
| Title | Un hotel en el desierto: Hotel las Dunas Ica-Perú |
| 310 ## - CURRENT PUBLICATION FREQUENCY | |
| Current publication frequency | Bimestral |
| 520 ## - SUMMARY, ETC. | |
| Summary, etc. | Diseño y ejecución del hotel las Dunas |
| 650 ## - SUBJECT ADDED ENTRY--TOPICAL TERM | |
| Topical term or geographic name entry element | ARQUITECTURA |
| 650 ## - SUBJECT ADDED ENTRY--TOPICAL TERM | |
| Topical term or geographic name entry element | HOTELES |
| 773 ## - HOST ITEM ENTRY | |
| Place, publisher, and date of publication | Lima: Instituto de Urbanismo y Planificación del Perú, 1979 |
| Physical description | ilus. |
| Title | Urbanismo y Planificación |
| Related parts | no. 31/32, p. 32-34 |
| 910 ## - USER-OPTION DATA (OCLC) | |
| User-option data | G |
| 942 ## - ADDED ENTRY ELEMENTS (KOHA) | |
| Koha item type | Artículos |
| Source of classification or shelving scheme | Dewey Decimal Classification |
| Fecha de la última vez que lo usaron | Pago total | Signatura topográfica completa | Código de barras | Costo o precio de reposición | Precio efectivo desde | Tipo de documento | Estado perdido | Sistema de clasificación | Estado dañado | No es para préstamo | Retirado | Ubicación permanente | Ubicación actual | Fecha de adquisición |
|---|---|---|---|---|---|---|---|---|---|---|---|---|---|---|
| 31/05/2020 | PU1 | Bib-Lima20050969 | 50.00 | 31/05/2020 | Revista | Dewey Decimal Classification | Biblioteca Central Lima | Biblioteca Central Lima | 31/05/2020 |